Phillips' Science of Dental Materials / (Record no. 16774)
[ view plain ]
| 000 -LEADER | |
|---|---|
| fixed length control field | 01429cam a2200313 a 4500 |
| 001 - CONTROL NUMBER | |
| control field | 13140047 |
| 005 - DATE AND TIME OF LATEST TRANSACTION | |
| control field | 20030909112623.0 |
| 008 - FIXED-LENGTH DATA ELEMENTS--GENERAL INFORMATION | |
| fixed length control field | 030328s2003 moua b 001 0 eng |
| 020 ## - INTERNATIONAL STANDARD BOOK NUMBER | |
| International Standard Book Number | 0721693873 |
| 020 ## - INTERNATIONAL STANDARD BOOK NUMBER | |
| International Standard Book Number | 9780721693873 |
| 040 ## - CATALOGING SOURCE | |
| Original cataloging agency | DNLM/DLC |
| Transcribing agency | DLC |
| Modifying agency | DLC |
| 082 00 - DEWEY DECIMAL CLASSIFICATION NUMBER | |
| Classification number | 617.695 |
| Edition number | 21 |
| Item number | PHI |
| 245 00 - TITLE STATEMENT | |
| Title | Phillips' Science of Dental Materials / |
| Statement of responsibility, etc | [edited by] Kenneth J. Anusavice ; selected artwork by Jose dos Santos, Jr. ; graphical illustrations by Chiayi Shen. |
| 246 30 - VARYING FORM OF TITLE | |
| Title proper/short title | Science of dental materials |
| 250 ## - EDITION STATEMENT | |
| Edition statement | 11th ed. |
| 260 ## - PUBLICATION, DISTRIBUTION, ETC. (IMPRINT) | |
| Place of publication, distribution, etc | St. Louis, Mo. : |
| Name of publisher, distributor, etc | Saunders, |
| Date of publication, distribution, etc | c2003. |
| 300 ## - PHYSICAL DESCRIPTION | |
| Extent | xxv, 805 p. : |
| Other physical details | ill. (some col.) ; |
| Dimensions | 27 cm. |
| 504 ## - BIBLIOGRAPHY, ETC. NOTE | |
| Bibliography, etc | Includes bibliographical references and index. |
| 541 ## - IMMEDIATE SOURCE OF ACQUISITION NOTE | |
| Source of acquisition | Donation from Baccah |
| 650 #0 - SUBJECT ADDED ENTRY--TOPICAL TERM | |
| Topical term or geographic name as entry element | Dental materials. |
| 9 (RLIN) | 30155 |
| 650 12 - SUBJECT ADDED ENTRY--TOPICAL TERM | |
| Topical term or geographic name as entry element | Dental Materials. |
| 9 (RLIN) | 30156 |
| 653 ## - INDEX TERM--UNCONTROLLED | |
| Resource For college | |
| Arrived date list | June2012 |
| 700 1# - ADDED ENTRY--PERSONAL NAME | |
| Personal name | Anusavice, Kenneth J. |
| 9 (RLIN) | 30157 |
| 700 1# - ADDED ENTRY--PERSONAL NAME | |
| Personal name | Phillips, Ralph W. |
| 9 (RLIN) | 30158 |
| 942 ## - ADDED ENTRY ELEMENTS (KOHA) | |
| Source of classification or shelving scheme | Dewey Decimal Classification |
| Item type | |
| Withdrawn status | Item status | Source of classification or shelving scheme | Damaged status | Not for loan | Vendor | Home library | Current library | Shelving location | Date acquired | Source of acquisition | Cost, normal purchase price | Serial Enumeration / chronology | Total Checkouts | Full call number | Barcode | Date last seen | Koha item type | Total Renewals | Date last borrowed |
|---|---|---|---|---|---|---|---|---|---|---|---|---|---|---|---|---|---|---|---|
| Dewey Decimal Classification | Donation-Gift | Central Library | Central Library | First floor | 18/06/2012 | Donation | 380.00 | 15307 | 617.695 PHI | 000026841 | 15/07/2025 | Book - Borrowing | |||||||
| Dewey Decimal Classification | Donation-Gift | Central Library | Central Library | First floor | 18/06/2012 | Donation | 380.00 | 15307 | 3 | 617.695 PHI | 000026842 | 15/07/2025 | Book - Borrowing | 8 | 26/02/2019 |